000 00330nam a22001337a 4500
008 190225b xxu||||| |||| 00| 0 eng d
020 _a9780132058735
041 _aeng
080 _23rd
_a371
100 _a25
101 _aEDU
245 _aReading with Meaning. Strategies for College Reading
_cHennings, D.G
942 _2udc
_cBK
999 _c54242
_d54242